Pop Singers Last Names - Statistics

General Stats
  • This quiz has been taken 928 times
  • The average score is 6 of 8
Answer Stats
Hint Answer % Correct
taylor swift
99%
lady gaga
98%
justin bieber
95%
rita ora
76%
nicky minaj
72%
chris brown
61%
david guetta
44%
jason durelo
8%
No matching quizzes found
Score Distribution
Percent of People with Each Score
Percentile by Number Answered
Your Score History
You have not taken this quiz